[Event "Cheliabinsk Kurnosov Memorial rapid"]
[Site "Cheliabinsk"]
[Date "2016.05.26"]
[Round "2"]
[White "Pisakov, Ilia"]
[Black "Movsesian, Sergei"]
[Result "0-1"]
[WhiteElo "2199"]
[BlackElo "2660"]
[PlyCount "90"]
[EventDate "2016.05.26"]
[EventType "swiss (rapid)"]
[EventRounds "11"]
[EventCountry "RUS"]
[SourceTitle "CBM 172 Extra"]
[Source "ChessBase"]
[SourceDate "2016.06.21"]
[SourceVersion "1"]
[SourceVersionDate "2016.06.21"]
[SourceQuality "1"]

1. d4 Nf6 2. Nf3 d6 3. Bf4 Nbd7 4. e3 Nh5 5. Bg5 h6 6. Bh4 g5 7. Nfd2 Ndf6 8. Be2 Ng7 9. Bg3 Nf5 10. c3 Bg7 11. Nf1 h5 12. h4 Ne4 13. Bxh5 e6 14. Qf3 gxh4 15. Bxh4 Qd7 16. Nbd2 Nxh4 17. Rxh4 Nf6 18. Ng3 d5 19. 0-0-0 b6 20. Rdh1 Ba6 21. e4 0-0-0 22. e5 Nxh5 23. Nxh5 Bf8 24. Rf4 Qa4 25. a3 Bh6 26. Rhh4 Bg5 27. Rh3 Rxh5 28. Rxf7 Rxh3 29. Qxh3 Be2 30. Qh1 Bd3 31. Qd1 Qe8 32. Qh5 Qh8 33. g4 Qxh5 34. gxh5 Rh8 35. f4 Bd8 36. c4 Rxh5 37. b3 Rf5 38. Rxf5 Bxf5 39. cxd5 exd5 40. Nf1 Kd7 41. Kd2 Ke6 42. b4 Bh4 43. b5 Bf2 44. Kc3 Bh3 45. Nd2 Be1 0-1

[Event "St Petersburg Overtime CC"]
[Site "St Petersburg"]
[Date "2014.11.28"]
[Round "4"]
[White "Pisakov, Ilia"]
[Black "Khusenkhojaev, Muhammad"]
[Result "0-1"]
[WhiteElo "2239"]
[BlackElo "2394"]
[PlyCount "61"]
[EventDate "2014.11.25"]
[EventType "tourn"]
[EventRounds "9"]
[EventCountry "RUS"]
[EventCategory "2"]
[SourceTitle "CBM 163 Extra"]
[Source "ChessBase"]
[SourceDate "2014.12.23"]
[SourceVersion "1"]
[SourceVersionDate "2014.12.23"]
[SourceQuality "1"]

1. d4 Nf6 2. Nf3 d5 3. c4 c6 4. Nc3 dxc4 5. a4 e6 6. e3 c5 7. Bxc4 cxd4 8. exd4 Nc6 9. 0-0 Be7 10. Bg5 0-0 11. Re1 h6 12. Bh4 Bd7 13. Qe2 Rc8 14. Rad1 Nd5 15. Bxd5 Bxh4 16. Ba2 Nb4 17. Bb1 Bc6 18. Nb5 a6 19. d5 Bxd5 20. Nc3 Bf6 21. Nxd5 exd5 22. Qd2 Qa5 23. Qf4 Bxb2 24. Re7 Qxa4 25. Rde1 Bc3 26. Qf5 g6 27. Qg4 Rc4 28. Qg3 Nc2 29. Rc1 Qa3 30. Ree1 Bxe1 31. Rxe1 0-1

[Event "St Petersburg Overtime CC"]
[Site "St Petersburg"]
[Date "2014.11.25"]
[Round "1"]
[White "Solovjov, Sergey"]
[Black "Pisakov, Ilia"]
[Result "1-0"]
[WhiteElo "2342"]
[BlackElo "2239"]
[PlyCount "105"]
[EventDate "2014.11.25"]
[EventType "tourn"]
[EventRounds "9"]
[EventCountry "RUS"]
[EventCategory "2"]
[SourceTitle "CBM 163 Extra"]
[Source "ChessBase"]
[SourceDate "2014.12.23"]
[SourceVersion "1"]
[SourceVersionDate "2014.12.23"]
[SourceQuality "1"]

1. e4 e5 2. f4 exf4 3. Nf3 h6 4. d4 g5 5. Bc4 d6 6. 0-0 Bg7 7. g3 Bh3 8. Rf2 fxg3 9. Bxf7+ Kd7 10. hxg3 Kc8 11. Nc3 Ne7 12. Be3 Rf8 13. Nh2 Bd7 14. Qh5 Nbc6 15. Ne2 Nb4 16. Rc1 c5 17. a3 Nbc6 18. c3 b6 19. b4 cxd4 20. cxd4 Kb7 21. e5 dxe5 22. d5 Nd4 23. d6 Bc6 24. dxe7 Qxe7 25. Qg6 Nxe2+ 26. Rxe2 Rac8 27. Rxc6 Rxc6 28. Bd5 Rff6 29. Qe4 Kc7 30. Bxc6 Rxc6 31. b5 Rc3 32. a4 Qd7 33. Qa8 Qd1+ 34. Kf2 Qxa4 35. Rd2 Rc2 36. Qd8+ Kb7 37. Qd7+ Kb8 38. Qxg7 Rxd2+ 39. Bxd2 Qd4+ 40. Be3 Qb2+ 41. Kg1 Qxb5 42. Qxh6 Qb1+ 43. Nf1 Qe4 44. Qxg5 Kb7 45. Qf6 Ka6 46. Kf2 Ka5 47. Qf3 Qc2+ 48. Nd2 b5 49. g4 a6 50. Qf5 Qc7 51. g5 b4 52. Qxe5+ Qxe5 53. Nc4+ 1-0

[Event "Chigorin Memorial 22nd"]
[Site "St Petersburg"]
[Date "2014.10.21"]
[Round "4"]
[White "Pisakov, Ilia"]
[Black "Mamyrbay, Assad"]
[Result "1/2-1/2"]
[WhiteElo "2303"]
[BlackElo "2063"]
[PlyCount "47"]
[EventDate "2014.10.18"]
[EventType "swiss"]
[EventRounds "9"]
[EventCountry "RUS"]
[SourceTitle "EXT 2015"]
[Source "ChessBase"]
[SourceDate "2014.11.20"]
[SourceVersion "1"]
[SourceVersionDate "2014.11.20"]
[SourceQuality "1"]

1. d4 Nf6 2. Nf3 g6 3. b3 Bg7 4. Bb2 0-0 5. g3 b6 6. Bg2 Bb7 7. c4 c5 8. d5 d6 9. 0-0 e6 10. e4 Nxe4 11. Bxg7 Kxg7 12. dxe6 fxe6 13. Nfd2 Nxd2 14. Bxb7 Nxf1 15. Nc3 Nd7 16. Bxa8 Qxa8 17. Qxd6 Nxh2 18. Qxd7+ Rf7 19. Qxe6 Nf3+ 20. Kf1 Nh2+ 21. Kg1 Nf3+ 22. Kf1 Nh2+ 23. Kg1 Nf3+ 24. Kf1 1/2-1/2

[Event "Chigorin Memorial blitz 22nd"]
[Site "St Petersburg"]
[Date "2014.10.17"]
[Round "1"]
[White "Kazhgaleyev, Murtas"]
[Black "Pisakov, Ilia"]
[Result "1-0"]
[WhiteElo "2566"]
[BlackElo "2303"]
[PlyCount "89"]
[EventDate "2014.10.17"]
[EventType "swiss (blitz)"]
[EventRounds "13"]
[EventCountry "RUS"]
[SourceTitle "EXT 2015"]
[Source "ChessBase"]
[SourceDate "2014.11.20"]
[SourceVersion "1"]
[SourceVersionDate "2014.11.20"]
[SourceQuality "1"]

1. d4 d5 2. c4 c6 3. cxd5 cxd5 4. Bf4 Nc6 5. e3 a6 6. Nc3 e6 7. Nf3 f5 8. Be2 Nf6 9. 0-0 Be7 10. Rc1 0-0 11. Ne5 Bd7 12. Na4 Nxe5 13. Bxe5 Bxa4 14. Qxa4 Rc8 15. Rc3 Rxc3 16. bxc3 Bd6 17. Bxd6 Qxd6 18. c4 Ne4 19. cxd5 Nc3 20. Qc4 Nxe2+ 21. Qxe2 Qxd5 22. Rc1 e5 23. Rc5 Qe4 24. Rxe5 Qb1+ 25. Qf1 Qxa2 26. Qc1 f4 27. exf4 Rxf4 28. Qe1 Rxd4 29. Re8+ Kf7 30. Re7+ Kf8 31. h3 Qd5 32. Re8+ Kf7 33. Qe7+ Kg6 34. Qe3 Kf7 35. Re7+ Kf6 36. Re8 Kf7 37. Re5 Qd6 38. Qf3+ Kg6 39. Qg3+ Kf6 40. f4 Kf7 41. Qb3+ Kf8 42. Qxb7 Rxf4 43. Rd5 Qe7 44. Qc8+ Qe8 45. Qc5+ 1-0

[Event "Moscow Dvorkovich Memorial"]
[Site "Moscow"]
[Date "2009.09.19"]
[Round "12"]
[White "Pisakov, Ilia"]
[Black "Oparin, Grigoriy"]
[Result "0-1"]
[WhiteElo "2331"]
[BlackElo "2289"]
[PlyCount "66"]
[EventDate "2009.09.08"]
[EventType "tourn"]
[EventRounds "13"]
[EventCountry "RUS"]
[EventCategory "4"]
[SourceTitle "CBM 132 Extra"]
[Source "ChessBase"]
[SourceDate "2009.11.03"]
[SourceVersion "1"]
[SourceVersionDate "2009.11.03"]
[SourceQuality "1"]

1. e4 c5 2. Nf3 d6 3. d4 cxd4 4. Nxd4 Nf6 5. Nc3 a6 6. Bg5 e6 7. f4 Be7 8. Qf3 Qc7 9. 0-0-0 Nbd7 10. Be2 b5 11. e5 Bb7 12. Qg3 dxe5 13. fxe5 Qxe5 14. Bf4 Qc5 15. Nb3 Qc8 16. Rd4 0-0 17. Rhd1 Re8 18. a4 Nd5 19. Bh6 g6 20. Ne4 bxa4 21. Na5 a3 22. bxa3 N7f6 23. Nd6 Bxd6 24. Qxd6 Qc3 25. Qe5 Qxa3+ 26. Kd2 Qxa5+ 27. Kc1 Qa1+ 28. Kd2 Qc3+ 29. Kc1 Rac8 30. Kb1 Qxc2+ 31. Ka1 Qc3+ 32. Kb1 Qb3+ 33. Ka1 Rc2 0-1

[Event "Moscow Dvorkovich Memorial"]
[Site "Moscow"]
[Date "2009.09.14"]
[Round "7"]
[White "Pisakov, Ilia"]
[Black "Morozov, Grigory"]
[Result "0-1"]
[WhiteElo "2331"]
[BlackElo "2332"]
[PlyCount "138"]
[EventDate "2009.09.08"]
[EventType "tourn"]
[EventRounds "13"]
[EventCountry "RUS"]
[EventCategory "4"]
[SourceTitle "CBM 132 Extra"]
[Source "ChessBase"]
[SourceDate "2009.11.03"]
[SourceVersion "1"]
[SourceVersionDate "2009.11.03"]
[SourceQuality "1"]

1. d4 d5 2. c4 e6 3. Nf3 c6 4. Bg5 Nf6 5. cxd5 exd5 6. Qc2 h6 7. Bh4 Be7 8. Nc3 Be6 9. e3 Nbd7 10. Be2 0-0 11. 0-0 Bg4 12. Rae1 Re8 13. Nd2 Bxe2 14. Rxe2 Nf8 15. f3 Ne6 16. Nb3 Qb6 17. Kh1 Rad8 18. Bf2 Qa6 19. Rd1 Bf8 20. Bh4 g5 21. Bg3 Bg7 22. Be5 Nh5 23. g4 Bxe5 24. dxe5 Nhg7 25. h4 Qb6 26. Nd4 Qc7 27. Nf5 Qxe5 28. Nxh6+ Kf8 29. f4 gxf4 30. exf4 Qxf4 31. Qh7 Qf6 32. Qh8+ Ke7 33. Qxg7 Qxg7 34. Nf5+ Kf8 35. Nxg7 Kxg7 36. Rf1 Nc5 37. Ref2 Rd7 38. Ne2 Ne4 39. Rf5 d4 40. Kg2 Nd2 41. R1f2 Nc4 42. Rg5+ Kf8 43. Nf4 Re1 44. h5 Ne3+ 45. Kf3 Rh1 46. Ke4 Ke7 47. Nd3 Rd5 48. Rg7 Nc4 49. Rfxf7+ Ke8 50. Re7+ Kd8 51. Nf4 Re1+ 52. Kd3 Rxe7 53. Rg8+ Re8 54. Ne6+ Ke7 55. Rxe8+ Kxe8 56. Kxc4 b5+ 57. Kd3 Kf7 58. Nf4 Rd6 59. g5 c5 60. b3 Kg7 61. Nh3 Re6 62. Nf2 Re3+ 63. Kd2 Re5 64. Nh3 Rf5 65. Ke2 c4 66. bxc4 bxc4 67. g6 Rxh5 68. Nf4 Rh2+ 69. Kf3 d3 0-1

[Event "Moscow Dvorkovich Memorial"]
[Site "Moscow"]
[Date "2009.09.13"]
[Round "6"]
[White "Antipov, Mikhail Al"]
[Black "Pisakov, Ilia"]
[Result "0-1"]
[WhiteElo "2176"]
[BlackElo "2331"]
[PlyCount "114"]
[EventDate "2009.09.08"]
[EventType "tourn"]
[EventRounds "13"]
[EventCountry "RUS"]
[EventCategory "4"]
[SourceTitle "CBM 132 Extra"]
[Source "ChessBase"]
[SourceDate "2009.11.03"]
[SourceVersion "1"]
[SourceVersionDate "2009.11.03"]
[SourceQuality "1"]

1. e4 c6 2. d4 d5 3. f3 e6 4. Nc3 b6 5. Bf4 Ne7 6. Qd2 Ng6 7. Be3 Ba6 8. Nge2 Be7 9. g3 dxe4 10. fxe4 c5 11. 0-0-0 Nc6 12. d5 Nce5 13. Nf4 Bxf1 14. Rhxf1 exd5 15. exd5 0-0 16. Nxg6 hxg6 17. d6 Bf6 18. Nd5 Re8 19. Nxf6+ gxf6 20. Qd5 Nd7 21. Bf4 Re6 22. h4 Qf8 23. g4 Rd8 24. Rf3 Ne5 25. Bxe5 fxe5 26. d7 Qh6+ 27. Kb1 Qxh4 28. Rdf1 Qe7 29. Rh3 Qf8 30. Rfh1 Qg7 31. Rd1 Qf6 32. Qh1 e4 33. g5 Qe5 34. Rd5 Qg7 35. Rd2 Kf8 36. Rh8+ Ke7 37. Rxd8 Kxd8 38. Qh2 Qe5 39. Qh6 Rd6 40. Qf8+ Kxd7 41. Rxd6+ Qxd6 42. Qxf7+ Qe7 43. Qxg6 e3 44. Qf5+ Qe6 45. Qd3+ Ke8 46. Qe2 Kf7 47. Kc1 Kg6 48. Qd3+ Kxg5 49. Kd1 Qg4+ 50. Ke1 Qd4 51. Ke2 Kf4 52. b3 b5 53. b4 Qxd3+ 54. cxd3 cxb4 55. d4 Ke4 56. d5 Kxd5 57. Kxe3 Kc4 0-1

[Event "Moscow Dvorkovich Memorial"]
[Site "Moscow"]
[Date "2009.09.08"]
[Round "1"]
[White "Pisakov, Ilia"]
[Black "Ageichenko, Genadi A"]
[Result "1/2-1/2"]
[WhiteElo "2331"]
[BlackElo "2383"]
[PlyCount "58"]
[EventDate "2009.09.08"]
[EventType "tourn"]
[EventRounds "13"]
[EventCountry "RUS"]
[EventCategory "4"]
[SourceTitle "CBM 132 Extra"]
[Source "ChessBase"]
[SourceDate "2009.11.03"]
[SourceVersion "1"]
[SourceVersionDate "2009.11.03"]
[SourceQuality "1"]

1. c4 Nf6 2. Nf3 c5 3. g3 e6 4. Bg2 d5 5. cxd5 exd5 6. d4 Nc6 7. Nc3 Be7 8. Bg5 cxd4 9. Nxd4 0-0 10. e3 h6 11. Bxf6 Bxf6 12. Nxd5 Bxd4 13. exd4 Be6 14. Nc3 Bc4 15. Bxc6 bxc6 16. f3 c5 17. d5 Qf6 18. Kf2 Rfd8 19. Rc1 Qd4+ 20. Qxd4 cxd4 21. b3 Bxb3 22. axb3 dxc3 23. Rhd1 Rac8 24. Ke3 Rc5 25. b4 Rcxd5 26. Rxd5 Rxd5 27. Rxc3 Rb5 28. Rc4 a5 29. bxa5 Rxa5 1/2-1/2

[Event "Moscow 05"]
[Site "Moscow"]
[Date "2009.05.12"]
[Round "5"]
[White "Pokrovski, Pavel"]
[Black "Pisakov, Ilia"]
[Result "1/2-1/2"]
[WhiteElo "2257"]
[BlackElo "2346"]
[PlyCount "35"]
[EventDate "2009.05.08"]
[EventType "tourn"]
[EventRounds "11"]
[EventCountry "RUS"]
[EventCategory "3"]
[SourceTitle "CBM 130 Extra"]
[Source "ChessBase"]
[SourceDate "2009.07.02"]
[SourceVersion "2"]
[SourceVersionDate "2009.07.15"]
[SourceQuality "1"]

1. e4 e5 2. Nf3 Nc6 3. Bc4 Bc5 4. c3 Nf6 5. d4 exd4 6. cxd4 Bb4+ 7. Bd2 Bxd2+ 8. Nbxd2 d5 9. exd5 Nxd5 10. Qb3 Nce7 11. 0-0 0-0 12. Rfe1 c6 13. a4 Qb6 14. Qa3 Be6 15. a5 Qc7 16. Ne4 Rad8 17. Nc5 Bc8 18. h3 1/2-1/2

[Event "Moscow 05"]
[Site "Moscow"]
[Date "2009.05.09"]
[Round "2"]
[White "Pisakov, Ilia"]
[Black "Oparin, Grigoriy"]
[Result "1-0"]
[WhiteElo "2346"]
[BlackElo "2257"]
[PlyCount "135"]
[EventDate "2009.05.08"]
[EventType "tourn"]
[EventRounds "11"]
[EventCountry "RUS"]
[EventCategory "3"]
[SourceTitle "CBM 130 Extra"]
[Source "ChessBase"]
[SourceDate "2009.07.02"]
[SourceVersion "2"]
[SourceVersionDate "2009.07.15"]
[SourceQuality "1"]

1. e4 c5 2. Nf3 d6 3. d4 cxd4 4. Nxd4 Nf6 5. Nc3 a6 6. Be3 e6 7. f3 b5 8. g4 Bb7 9. Qd2 Nc6 10. g5 Nd7 11. 0-0-0 Be7 12. h4 Rc8 13. Kb1 Nce5 14. f4 b4 15. Nd5 exd5 16. fxe5 dxe5 17. Nf5 d4 18. g6 dxe3 19. gxf7+ Kf8 20. Qxd7 Bxe4 21. Nxe7 Qxd7 22. Rxd7 Rxc2 23. Bd3 Rd2 24. Bxe4 Rxd7 25. Nc6 Rxf7 26. Nxe5 Re7 27. Rf1+ Ke8 28. Bc6+ Kd8 29. Nf7+ Kc7 30. Nxh8 e2 31. Re1 Kxc6 32. Kc2 Re4 33. Nf7 Rxh4 34. Rxe2 Rh3 35. Re6+ Kb5 36. Nd6+ Kc5 37. Nb7+ Kb5 38. Nd6+ Kc5 39. Nb7+ Kb5 40. Re5+ Kb6 41. Nc5 g6 42. Nd3 a5 43. Nf4 Rf3 44. Ne2 Rh3 45. b3 Rf3 46. Kd2 Rh3 47. Re3 Rh1 48. Nc1 Rh5 49. Nd3 Rh1 50. Re2 Ra1 51. Ke3 Rh1 52. Kd4 Rh4+ 53. Re4 Rh2 54. Re6+ Kc7 55. Nc5 Rxa2 56. Re7+ Kc6 57. Rxh7 Rg2 58. Re7 Rd2+ 59. Nd3 Rg2 60. Re6+ Kb5 61. Re5+ Kb6 62. Nc5 Rg4+ 63. Kd5 Rg3 64. Na4+ Kc7 65. Kc4 Rg4+ 66. Kb5 Rg3 67. Nc5 Rc3 68. Rg5 1-0

[Event "Moscow op-A 04th"]
[Site "Moscow"]
[Date "2008.02.08"]
[Round "7"]
[White "Tarlev, Konstantin"]
[Black "Pisakov, Ilia"]
[Result "1-0"]
[WhiteElo "2492"]
[BlackElo "2344"]
[PlyCount "44"]
[EventDate "2008.02.02"]
[EventType "swiss"]
[EventRounds "9"]
[EventCountry "RUS"]
[SourceTitle "CBM 122 Extra"]
[Source "ChessBase"]
[SourceDate "2008.03.04"]
[SourceVersion "1"]
[SourceVersionDate "2008.03.04"]
[SourceQuality "1"]

1. Nc3 e5 2. Nf3 Nc6 3. d4 exd4 4. Nxd4 Nf6 5. Bg5 Bc5 6. Nxc6 bxc6 7. e4 d6 8. Bd3 h6 9. Bh4 g5 10. Bg3 Bg4 11. Be2 Be6 12. e5 dxe5 13. Qxd8+ Rxd8 14. Bxe5 Bd4 15. Bxc7 Rd7 16. Bg3 0-0 17. 0-0-0 Bxc3 18. bxc3 Rb7 19. Bd3 Bxa2 20. Kd2 Rd8 21. Be5 Ne4+ 22. Ke3 Re8 1-0

[Event "Moscow op-A 04th"]
[Site "Moscow"]
[Date "2008.02.04"]
[Round "3"]
[White "Pisakov, Ilia"]
[Black "Vakhlamov, Igor L"]
[Result "1-0"]
[WhiteElo "2344"]
[BlackElo "2068"]
[PlyCount "95"]
[EventDate "2008.02.02"]
[EventType "swiss"]
[EventRounds "9"]
[EventCountry "RUS"]
[SourceTitle "CBM 122 Extra"]
[Source "ChessBase"]
[SourceDate "2008.03.04"]
[SourceVersion "1"]
[SourceVersionDate "2008.03.04"]
[SourceQuality "1"]

1. d4 d5 2. c4 c6 3. Nf3 Nf6 4. Nc3 a6 5. a4 e6 6. g3 dxc4 7. Bg2 Nbd7 8. Nd2 e5 9. Nxc4 exd4 10. Qxd4 Bc5 11. Nd6+ Kf8 12. Qf4 g5 13. Qd2 Nb6 14. Nde4 Qxd2+ 15. Bxd2 Nxe4 16. Nxe4 Bd4 17. 0-0-0 Nxa4 18. b3 f5 19. bxa4 fxe4 20. Bb4+ c5 21. Rxd4 cxb4 22. Rxb4 Bd7 23. Bxe4 Rc8+ 24. Kb2 b5 25. Rd1 Ke7 26. Rxd7+ Kxd7 27. Bf5+ Kc6 28. Bxc8 Rxc8 29. axb5+ axb5 30. Kc3 Ra8 31. f4 gxf4 32. gxf4 Ra3+ 33. Rb3 Ra4 34. Rb4 Ra3+ 35. Kd4 Rh3 36. e4 Rxh2 37. f5 Rf2 38. Ke5 h5 39. Ke6 Kc5 40. Rb1 h4 41. Rh1 b4 42. Rxh4 b3 43. Rh8 Re2 44. e5 b2 45. Rb8 Kc4 46. Kf6 Kc3 47. e6 Kc2 48. e7 1-0

[Event "Moscow op-A 04th"]
[Site "Moscow"]
[Date "2008.02.02"]
[Round "1"]
[White "Pisakov, Ilia"]
[Black "Zakhartsov, Viacheslav V"]
[Result "1/2-1/2"]
[WhiteElo "2344"]
[BlackElo "2585"]
[PlyCount "60"]
[EventDate "2008.02.02"]
[EventType "swiss"]
[EventRounds "9"]
[EventCountry "RUS"]
[SourceTitle "CBM 122 Extra"]
[Source "ChessBase"]
[SourceDate "2008.03.04"]
[SourceVersion "1"]
[SourceVersionDate "2008.03.04"]
[SourceQuality "1"]

1. e4 c5 2. Nf3 d6 3. c3 Nf6 4. h3 Nc6 5. Bd3 g6 6. Bc2 Bg7 7. d4 cxd4 8. cxd4 0-0 9. Nc3 e5 10. Be3 exd4 11. Nxd4 d5 12. 0-0 Ne5 13. Bg5 dxe4 14. Nxe4 Qb6 15. Nxf6+ Bxf6 16. Bxf6 Qxf6 17. Qe2 Rd8 18. Rfe1 Rxd4 19. Qxe5 Qxe5 20. Rxe5 Be6 21. Rd1 Rad8 22. Rxd4 Rxd4 23. a3 Rd2 24. Rc5 b5 25. b3 a6 26. Kf1 Bc4+ 27. bxc4 Rxc2 28. Rc6 bxc4 29. Rxa6 Kf8 30. Ra7 Ra2 1/2-1/2

[Event "Perm GM"]
[Site "Perm"]
[Date "2007.06.14"]
[Round "3"]
[White "Glek, Igor Vladimirovich"]
[Black "Pisakov, Ilia"]
[Result "1-0"]
[WhiteElo "2531"]
[BlackElo "2341"]
[PlyCount "59"]
[EventDate "2007.06.12"]
[EventType "tourn"]
[EventRounds "9"]
[EventCountry "RUS"]
[EventCategory "8"]
[SourceTitle "CBM 119 Extra"]
[Source "ChessBase"]
[SourceDate "2007.09.04"]
[SourceVersion "1"]
[SourceVersionDate "2007.09.04"]
[SourceQuality "1"]

1. e4 e5 2. Nf3 Nc6 3. Nc3 Nf6 4. g3 d5 5. exd5 Nxd5 6. Bg2 Nde7 7. 0-0 g6 8. Rb1 Bg7 9. b4 a6 10. a4 0-0 11. Re1 Bf5 12. d3 b5 13. axb5 axb5 14. Nh4 Qd7 15. Nxf5 Nxf5 16. Nxb5 Rab8 17. c4 Rfd8 18. Bg5 f6 19. Bd2 Nce7 20. Bf1 c6 21. Nc3 Nd4 22. f4 exf4 23. Bxf4 Ne6 24. Bxb8 Rxb8 25. Qe2 Kf7 26. Kh1 f5 27. Qd2 Rd8 28. b5 Nd4 29. Bg2 cxb5 30. cxb5 1-0

[Event "St Petersburg White Nights op"]
[Site "St Petersburg"]
[Date "2003.07.06"]
[Round "8"]
[White "Bratchenko, Alexander"]
[Black "Pisakov, Ilia"]
[Result "1/2-1/2"]
[WhiteElo "2396"]
[BlackElo "2341"]
[PlyCount "136"]
[EventDate "2003.06.29"]
[EventType "swiss"]
[EventRounds "9"]
[EventCountry "RUS"]
[SourceTitle "EXT 2004"]
[Source "ChessBase"]
[SourceDate "2003.11.25"]
[SourceVersion "1"]
[SourceVersionDate "2003.11.25"]
[SourceQuality "1"]

1. d4 Nf6 2. c4 e6 3. Nc3 Bb4 4. f3 d5 5. a3 Bxc3+ 6. bxc3 c5 7. cxd5 Nxd5 8. dxc5 Qa5 9. e4 Ne7 10. Be3 Qxc3+ 11. Kf2 Nbc6 12. Qc1 Qxc1 13. Rxc1 e5 14. Ne2 Be6 15. Nc3 0-0-0 16. Nb5 Kb8 17. Bc4 Bxc4 18. Rxc4 Nc8 19. Ke2 Rd7 20. Rb1 Rhd8 21. Rcc1 a6 22. Nc3 N8e7 23. Rd1 Nd4+ 24. Bxd4 Rxd4 25. Rxd4 Rxd4 26. Rb4 Rd8 27. Rb2 Kc7 28. Nd1 g6 29. Nf2 f5 30. Nd3 Nc6 31. Ke3 Rd4 32. Nxe5 Ra4 33. Nxc6 Kxc6 34. Rb6+ Kc7 35. exf5 gxf5 36. Rh6 f4+ 37. Kd3 Rxa3+ 38. Kc4 Ra2 39. Rxh7+ Kc6 40. Rh6+ Kc7 41. Rg6 Rc2+ 42. Kb4 Rc1 43. h4 a5+ 44. Kb5 a4 45. Rg7+ Kc8 46. Kxa4 Rxc5 47. Rf7 Rc2 48. Rxf4 Rxg2 49. Kb4 Kd7 50. Kc3 Ke6 51. Kd3 Ke5 52. Rb4 Rh2 53. Ke3 Kf5 54. Rg4 Ke5 55. f4+ Kf6 56. Kf3 b5 57. Kg3 Rb2 58. Rg5 Rb1 59. Rc5 Rg1+ 60. Kf3 Rf1+ 61. Ke3 Rh1 62. Rxb5 Rxh4 63. Ke4 Rh1 64. Rb6+ Kf7 65. Ke5 Ra1 66. Rb5 Ra6 67. f5 Rc6 68. Rb7+ Kf8 1/2-1/2

[Event "St Petersburg White Nights op"]
[Site "St Petersburg"]
[Date "2003.07.05"]
[Round "7"]
[White "Pisakov, Ilia"]
[Black "Yandarbiev, Ruslan"]
[Result "0-1"]
[WhiteElo "2341"]
[BlackElo "2391"]
[PlyCount "70"]
[EventDate "2003.06.29"]
[EventType "swiss"]
[EventRounds "9"]
[EventCountry "RUS"]
[SourceTitle "EXT 2004"]
[Source "ChessBase"]
[SourceDate "2003.11.25"]
[SourceVersion "1"]
[SourceVersionDate "2003.11.25"]
[SourceQuality "1"]

1. e4 c5 2. Nf3 Nc6 3. d4 cxd4 4. Nxd4 Nf6 5. Nc3 e5 6. Ndb5 d6 7. Nd5 Nxd5 8. exd5 Nb8 9. c4 a6 10. Nc3 Be7 11. Bd3 0-0 12. 0-0 Nd7 13. Be3 f5 14. f4 exf4 15. Bxf4 Ne5 16. c5 Nxd3 17. Qxd3 dxc5 18. d6 Bf6 19. Qd5+ Kh8 20. Qxc5 Be6 21. Nd5 Rc8 22. Nc7 Bxb2 23. Rab1 Qf6 24. Rxb2 Qxb2 25. Be5 Qxa2 26. Rf3 Rf7 27. Rg3 Rg8 28. Rc3 f4 29. Rc2 Qb3 30. Rc3 Qd1+ 31. Kf2 Qd2+ 32. Kf3 Bd7 33. Rc2 Bc6+ 34. Kg4 Qd1+ 35. Kh4 Bd7 0-1

[Event "Alushta Autumn 3rd"]
[Site "Alushta"]
[Date "2002.10.05"]
[Round "11"]
[White "Shtyrenkov, Veniamen"]
[Black "Pisakov, Ilia"]
[Result "1-0"]
[WhiteElo "2457"]
[BlackElo "2260"]
[PlyCount "115"]
[EventDate "2002.09.27"]
[EventType "tourn"]
[EventRounds "13"]
[EventCountry "UKR"]
[EventCategory "8"]
[SourceTitle "CBM 090 Extra"]
[Source "ChessBase"]
[SourceDate "2002.11.07"]
[SourceVersion "1"]
[SourceVersionDate "2002.11.07"]
[SourceQuality "1"]

1. e4 e5 2. Nf3 Nc6 3. Bb5 a6 4. Ba4 Nf6 5. 0-0 Be7 6. Bxc6 dxc6 7. d3 Nd7 8. Nbd2 0-0 9. Nc4 f6 10. Nh4 Nc5 11. Nf5 Bxf5 12. exf5 Qd5 13. Re1 Rad8 14. Nd2 e4 15. Qg4 Rfe8 16. Nxe4 Nxe4 17. Rxe4 Qc5 18. Qe2 Kf8 19. Bf4 Bd6 20. Bxd6+ cxd6 21. Re1 Rxe4 22. Qxe4 Qe5 23. d4 Qxe4 24. Rxe4 d5 25. Re3 Rd7 26. Kf1 Re7 27. Ke2 Ke8 28. Kd3 Kd7 29. Rh3 h6 30. Re3 Rf7 31. Ke2 Rf8 32. Kf3 Rc8 33. Rb3 Rc7 34. Re3 Rc8 35. Kg4 Kd6 36. b4 a5 37. a3 axb4 38. axb4 Ra8 39. Kh5 Ra2 40. Re2 Rb2 41. Kg6 Rxb4 42. Kxg7 Rxd4 43. Kxf6 Rf4 44. g3 Rf3 45. g4 Rf4 46. h3 d4 47. Kg7 c5 48. f6 b5 49. f7 c4 50. Re4 Rxf7+ 51. Kxf7 Kd5 52. Re8 c3 53. h4 b4 54. Rc8 b3 55. cxb3 Ke4 56. g5 hxg5 57. hxg5 d3 58. Rc4+ 1-0

[Event "Alushta Autumn 3rd"]
[Site "Alushta"]
[Date "2002.09.30"]
[Round "5"]
[White "Pisakov, Ilia"]
[Black "Arbakov, Valentin"]
[Result "1-0"]
[WhiteElo "2260"]
[BlackElo "2445"]
[PlyCount "63"]
[EventDate "2002.09.27"]
[EventType "tourn"]
[EventRounds "13"]
[EventCountry "UKR"]
[EventCategory "8"]
[SourceTitle "CBM 090 Extra"]
[Source "ChessBase"]
[SourceDate "2002.11.07"]
[SourceVersion "1"]
[SourceVersionDate "2002.11.07"]
[SourceQuality "1"]

1. e4 c5 2. Nf3 d6 3. d4 cxd4 4. Nxd4 Nf6 5. Nc3 a6 6. Be3 Ng4 7. Bc1 g6 8. Be2 Nf6 9. Be3 Bg7 10. g4 h5 11. gxh5 Nxh5 12. Qd2 Nc6 13. 0-0-0 Nf4 14. Bc4 Ng2 15. Nxc6 bxc6 16. Bg5 f6 17. f4 Bh3 18. Rhg1 fxg5 19. Rxg2 gxf4 20. Rxg6 Be5 21. Ne2 Qb6 22. c3 Qc5 23. Bb3 f3 24. Nf4 Qa7 25. Nxh3 Rxh3 26. Be6 Rh8 27. Qg5 Kd8 28. Qxe5 Qe3+ 29. Kb1 Kc7 30. Rxd6 exd6 31. Qa5+ Kb7 32. Qb4+ 1-0

[Event "Alushta Autumn 3rd"]
[Site "Alushta"]
[Date "2002.09.29"]
[Round "4"]
[White "Kurnosov, Igor"]
[Black "Pisakov, Ilia"]
[Result "1/2-1/2"]
[WhiteElo "2433"]
[BlackElo "2260"]
[PlyCount "33"]
[EventDate "2002.09.27"]
[EventType "tourn"]
[EventRounds "13"]
[EventCountry "UKR"]
[EventCategory "8"]
[SourceTitle "CBM 090 Extra"]
[Source "ChessBase"]
[SourceDate "2002.11.07"]
[SourceVersion "1"]
[SourceVersionDate "2002.11.07"]
[SourceQuality "1"]

1. e4 e5 2. Nf3 Nc6 3. c3 Nf6 4. d4 Nxe4 5. d5 Bc5 6. dxc6 Bxf2+ 7. Ke2 bxc6 8. Qa4 f5 9. Nbd2 0-0 10. Kd1 Bb6 11. Nxe4 fxe4 12. Bg5 Qe8 13. Qxe4 d6 14. Bc4+ d5 15. Bb3 Qh5 16. Qh4 Bg4 17. Qxh5 1/2-1/2